Traditional knowledge system in India (Record no. 12831)

MARC details
000 -LEADER
fixed length control field 00360nam a22001457a 4500
003 - CONTROL NUMBER IDENTIFIER
control field OSt
008 - FIXED-LENGTH DATA ELEMENTS--GENERAL INFORMATION
fixed length control field 240828b |||||||| |||| 00| 0 eng d
020 ## - INTERNATIONAL STANDARD BOOK NUMBER
International Standard Book Number 9788126912230
082 ## - DEWEY DECIMAL CLASSIFICATION NUMBER
Classification number 305.8009
Item number JHT
100 ## - MAIN ENTRY--PERSONAL NAME
Personal name JHA, Amit
245 ## - TITLE STATEMENT
Title Traditional knowledge system in India
260 ## - PUBLICATION, DISTRIBUTION, ETC. (IMPRINT)
Place of publication, distribution, etc New Delhi:
Name of publisher, distributor, etc Atlantic,
Date of publication, distribution, etc 2009.
300 ## - PHYSICAL DESCRIPTION
Extent xiii,392p.
942 ## - ADDED ENTRY ELEMENTS (KOHA)
Source of classification or shelving scheme Dewey Decimal Classification
Koha item type Text Books
Holdings
Withdrawn status Lost status Source of classification or shelving scheme Damaged status Not for loan Collection code Home library Current library Date acquired Source of acquisition Currency Cost, normal purchase price Bill Number Total Checkouts Full call number Acc. no. / Barcode Checked out Date last seen Date last borrowed Actual Cost, discounted price Bill Date Koha item type Public note
    Dewey Decimal Classification     IKS- Indian Knowledge System PIET C-LIBRARY PIET C-LIBRARY 28/08/2024 Zafaa Books and Distributors INR 1195.00 ZBD0134 1 305.8009 JHT 38395 18/08/2025 28/01/2025 28/01/2025 776.75 12/08/2024 Text Books  
    Dewey Decimal Classification     IKS- Indian Knowledge System PIET C-LIBRARY PIET C-LIBRARY 05/03/2026 Zaffa Books INR 1195.00 ZBD0469   305.8009 JHT 39919   07/03/2026   812.60 05/03/2026 Text Books Decentrilization
    Dewey Decimal Classification     IKS- Indian Knowledge System PIET C-LIBRARY PIET C-LIBRARY 05/03/2026 Zaffa Books INR 1195.00 ZBD0465 1 305.8009 JHT 39924   02/06/2026 20/05/2026 812.60 05/03/2026 Text Books  
    Dewey Decimal Classification     IKS- Indian Knowledge System PIET C-LIBRARY PIET C-LIBRARY 05/03/2026 Zaffa Books INR 1195.00 ZBD0465   305.8009 JHT 39925   07/03/2026   812.60 05/03/2026 Text Books  
    Dewey Decimal Classification     IKS- Indian Knowledge System PIET C-LIBRARY PIET C-LIBRARY 05/03/2026 Zaffa Books INR 1195.00 ZBD0465   305.8009 JHT 39926   07/03/2026   812.60 05/03/2026 Text Books  
    Dewey Decimal Classification     Book Club and Indian Knowledge System PIET C-LIBRARY PIET C-LIBRARY 05/03/2026 Zaffa Books INR 1195.00 ZBD0471   305.8009 JHT K167   07/03/2026   812.60 05/03/2026 Text Books  

Design & Developed by: PIET Central Library
R70 Miles Stone Pattikalyana Samalkha Panipat 132102
mail ID :- [email protected], Phone No:- 0180-2569700 Ex.216